<?xml version="1.0" encoding="UTF-8"?>
<record
    xmlns:xsi="http://www.w3.org/2001/XMLSchema-instance"
    xsi:schemaLocation="http://www.loc.gov/MARC21/slim http://www.loc.gov/standards/marcxml/schema/MARC21slim.xsd"
    xmlns="http://www.loc.gov/MARC21/slim">

  <leader>00444cam a2200181 a 4500</leader>
  <controlfield tag="005">20250428151749.0</controlfield>
  <controlfield tag="008">040227s2004    enka     b    001 0 eng  </controlfield>
  <datafield tag="020" ind1=" " ind2=" ">
    <subfield code="a">9788126525713</subfield>
  </datafield>
  <datafield tag="041" ind1=" " ind2=" ">
    <subfield code="a">eng</subfield>
  </datafield>
  <datafield tag="082" ind1="0" ind2="0">
    <subfield code="a">535.84</subfield>
    <subfield code="b">HolM4</subfield>
  </datafield>
  <datafield tag="100" ind1="1" ind2=" ">
    <subfield code="a">Hollas, J. Michael</subfield>
  </datafield>
  <datafield tag="245" ind1="1" ind2="0">
    <subfield code="a">Modern spectroscopy</subfield>
  </datafield>
  <datafield tag="250" ind1=" " ind2=" ">
    <subfield code="a">4th ed.</subfield>
  </datafield>
  <datafield tag="260" ind1=" " ind2=" ">
    <subfield code="a">Hoboken, NJ :</subfield>
    <subfield code="b">J. Wiley,</subfield>
    <subfield code="c">&#xA9;2004.</subfield>
  </datafield>
  <datafield tag="300" ind1=" " ind2=" ">
    <subfield code="a">xxvii, 452p. </subfield>
  </datafield>
  <datafield tag="650" ind1=" " ind2="0">
    <subfield code="a">Spectrum analysis.</subfield>
  </datafield>
  <datafield tag="942" ind1=" " ind2=" ">
    <subfield code="c">BK</subfield>
  </datafield>
  <datafield tag="999" ind1=" " ind2=" ">
    <subfield code="c">3781</subfield>
    <subfield code="d">3781</subfield>
  </datafield>
  <datafield tag="952" ind1=" " ind2=" ">
    <subfield code="0">0</subfield>
    <subfield code="1">0</subfield>
    <subfield code="4">0</subfield>
    <subfield code="7">0</subfield>
    <subfield code="8">CHE</subfield>
    <subfield code="a">IITTP</subfield>
    <subfield code="b">IITTP</subfield>
    <subfield code="c">GEN</subfield>
    <subfield code="d">2021-02-22</subfield>
    <subfield code="e">The Book Syndicate</subfield>
    <subfield code="g">925.00</subfield>
    <subfield code="i">BS/40623</subfield>
    <subfield code="l">9</subfield>
    <subfield code="m">6</subfield>
    <subfield code="o">535.8/4 HOL/M</subfield>
    <subfield code="p">07578</subfield>
    <subfield code="r">2026-04-01 00:00:00</subfield>
    <subfield code="s">2026-02-17</subfield>
    <subfield code="v">1250.00</subfield>
    <subfield code="w">2021-02-11</subfield>
    <subfield code="y">BK</subfield>
  </datafield>
  <datafield tag="952" ind1=" " ind2=" ">
    <subfield code="0">0</subfield>
    <subfield code="1">0</subfield>
    <subfield code="4">0</subfield>
    <subfield code="7">0</subfield>
    <subfield code="8">CHE</subfield>
    <subfield code="a">IITTP</subfield>
    <subfield code="b">IITTP</subfield>
    <subfield code="c">GEN</subfield>
    <subfield code="d">2021-02-22</subfield>
    <subfield code="e">The Book Syndicate</subfield>
    <subfield code="g">925.00</subfield>
    <subfield code="i">BS/40623</subfield>
    <subfield code="l">6</subfield>
    <subfield code="m">7</subfield>
    <subfield code="o">535.8/4 HOL/M</subfield>
    <subfield code="p">07579</subfield>
    <subfield code="q">2026-04-17</subfield>
    <subfield code="r">2026-01-16 00:00:00</subfield>
    <subfield code="s">2026-01-16</subfield>
    <subfield code="v">1250.00</subfield>
    <subfield code="w">2021-02-11</subfield>
    <subfield code="y">BK</subfield>
  </datafield>
  <datafield tag="952" ind1=" " ind2=" ">
    <subfield code="0">0</subfield>
    <subfield code="1">0</subfield>
    <subfield code="4">0</subfield>
    <subfield code="7">0</subfield>
    <subfield code="8">CHE</subfield>
    <subfield code="a">IITTP</subfield>
    <subfield code="b">IITTP</subfield>
    <subfield code="c">REF</subfield>
    <subfield code="d">2021-02-22</subfield>
    <subfield code="e">The Book Syndicate</subfield>
    <subfield code="g">925.00</subfield>
    <subfield code="i">BS/40623</subfield>
    <subfield code="l">0</subfield>
    <subfield code="o">REF 535.84 HolM4</subfield>
    <subfield code="p">07580</subfield>
    <subfield code="r">2021-02-22 00:00:00</subfield>
    <subfield code="v">1250.00</subfield>
    <subfield code="w">2021-02-11</subfield>
    <subfield code="y">REF</subfield>
  </datafield>
</record>
